Lexique médical - Statistiques

Statistiques générales
  • Ce quiz a été pris 498 fois
    473 depuis la dernière actualisation
  • Le résultat moyen est 7 sur 35
Statistiques - réponses
Lexique médical Langage courant % Correct
(...)algie douleur
81%
Hema(...), Hemo(...) sang
66%
Anti(...) contre
64%
Cephalees maux de tête
58%
Asthenie fatigue
53%
(...)ite inflammation (otite, péritonite, méningite...)
44%
Auriculaire oreille (oreillette)
42%
Hepa(...) foie
37%
Gastre estomac
30%
Oph(...) œil
30%
(...)pnee respiration (apnée, dyspnée, polypnée...)
28%
Septique infection (souillure) d'origine microbienne
27%
Peri(...) autour
25%
(...)plegie paralysie
25%
Hemi(...) demi
20%
(...)emese vomissement
10%
Stase arrêt
6%
Hypo(...) trop (bas)
3%
Hyper(...) trop (élevé)
3%
Naupathie nausée
2%
Anoxie absence d'O2
1%
Miction action d'uriner
1%
(...)ptysie crachement
1%
Mydriase dilatation des pupilles
1%
Primipara femme accouchant pour la première fois
1%
Œdème gonflement des tissus
1%
Pyretique relatif à la fièvre
1%
Uri(...) relatif à la miction
1%
Myosis rétractation des pupilles
1%
(...)ragie rupture
1%
Cyanose coloration bleutée de la peau, ongles, lèvres...provoquée par une déficience d'O2 dans le sang
0%
Colique douleur aiguë de l'intestin, des voies biliaires et urinaires
0%
Collapsus effondrement du système vasculaire avec diminution de la pression artérielle
0%
Diurese quantité d'urine émise
0%
Erytheme rougeur plus ou moins importante de la peau
0%
Aucun quiz correspondant
Distribution des résultats
% des personnes avec chaque résultat
Percentile par nombre de réponses
Votre historique - résultats
Vous n’avez pas pris ce quiz depuis la dernière actualisation